| 000 | 01681nam a2200253Ia 4500 | ||
|---|---|---|---|
| 003 | Ost | ||
| 005 | 20260507074920.0 | ||
| 008 | 260507s9999||||xx |||||||||||||| ||und|| | ||
| 040 | _cfsecg | ||
| 041 | _aara | ||
| 082 | _a658.18 | ||
| 100 |
_aمحمد العلي، عبد الستار _eمؤلف |
||
| 245 | 0 |
_a إدارة سلاسل التوريد / _c عبد الستار محمد العلي |
|
| 260 |
_aعمان: _bدار المسيرة, _c2009 |
||
| 300 |
_a536 صفحة؛ _bإيضاحات ؛ _c24 سم |
||
| 504 | _aببليوغرافيا: ص.535 | ||
| 520 | _aالتزويد وسلاسل التوريد، سلسلة التوريد وخدمة الزبون، القيمة وكلف التزويد، اللوجستك ومطابقة التوريد مع الطلب، اللوجستك وادارة الشراء واختيار وتقييم الموردين، الأدوات المساندة في ادارة سلسلة التوريد، ادارة سلاسل التوريد في ظل العولمة، اللوجستك ومدة التوريد، ادارة سلسلة التوريد والشراكة، اللوجستك وتقييم وقياس المخزون، نماذج المخزون الاقتصادي، انواع الطلب وانظمة الشراء، تخطيط المتطلبات المادية، نظام الجدولة الفورية، ادارة النقل، تكنولوجيا المعلومات وادارة سلسلة التوريد | ||
| 653 | _aادارة الأعمال | ||
| 653 | _aالادارة | ||
| 653 | _aالتزويد | ||
| 653 | _aالتسويق | ||
| 700 |
_aالكنعاني، خليل ابراهيم _eمؤلف ثانوي |
||
| 942 | _cكتاب | ||
| 999 |
_c41792 _d41792 |
||